[Event "BL 2324 (Women)"]
[Site "Germany"]
[Date "2023.10.14"]
[Round "1.5"]
[White "Zhou, Lepu Coco"]
[Black "Benzen, Marthe"]
[Result "1-0"]
[WhiteElo "1999"]
[BlackElo "1954"]
[PlyCount "77"]
[EventDate "2023.10.14"]
[EventType "team-tourn"]
[EventRounds "11"]
[EventCountry "GER"]
[SourceTitle "CB48_2023"]
[SourceDate "2023.11.29"]
[SourceVersion "1"]
[SourceVersionDate "2023.11.29"]
[SourceQuality "1"]
[WhiteTeam "Hamburger SK (W)"]
[BlackTeam "Kiel Doppelbauer (W)"]
[WhiteTeamCountry "GER"]
[BlackTeamCountry "GER"]

1. e4 e5 2. Nf3 Nc6 3. Bb5 a6 4. Ba4 Nf6 5. 0-0 b5 6. Bb3 Be7 7. Qe2 0-0 8. d4 d6 9. dxe5 dxe5 10. Rd1 Qe8 11. a4 Bg4 12. axb5 axb5 13. Rxa8 Qxa8 14. c3 Na5 15. Bc2 Nc4 16. Nbd2 Nd6 17. h3 Bh5 18. g4 Bg6 19. Nxe5 Bxe4 20. Nxe4 Nfxe4 21. Bb3 Ng5 22. Bd5 Qc8 23. h4 Bf6 24. hxg5 Bxe5 25. f4 Bxc3 26. bxc3 Re8 27. Qf3 Qa6 28. Be3 Qa3 29. Bd4 b4 30. cxb4 Qxb4 31. Qc3 Qxc3 32. Bxc3 Re3 33. Be5 Rg3+ 34. Kf2 Rxg4 35. Ra1 Kf8 36. Kf3 Rh4 37. Bxd6+ cxd6 38. Kg3 Rh5 39. Bf3 1-0

[Event "EU-ch U16 Girls 31st"]
[Site "Mamaia"]
[Date "2023.09.14"]
[Round "9"]
[White "Zhou, Lepu Coco"]
[Black "Kochavi, Dana"]
[Result "0-1"]
[WhiteElo "1996"]
[BlackElo "2138"]
[PlyCount "134"]
[EventDate "2023.09.05"]
[EventType "swiss"]
[EventRounds "9"]
[EventCountry "ROU"]
[SourceTitle "EXT 2024"]
[Source "ChessBase"]
[SourceDate "2023.10.10"]
[SourceVersion "1"]
[SourceVersionDate "2023.10.10"]
[SourceQuality "1"]

1. e4 c6 2. d4 d5 3. e5 Bf5 4. h4 h6 5. g4 Be4 6. f3 Bh7 7. e6 Nf6 8. Bd3 Qd6 9. exf7+ Kxf7 10. f4 Qe6+ 11. Qe2 Bxd3 12. Qxe6+ Kxe6 13. cxd3 Nxg4 14. Nf3 g6 15. h5 gxh5 16. Rxh5 Bg7 17. Ne5 Nxe5 18. dxe5 c5 19. Nd2 Nc6 20. Nf3 Kd7 21. Be3 Rhf8 22. 0-0-0 d4 23. Bd2 e6 24. Rg1 Rf7 25. Be1 Bf8 26. Rg4 Ne7 27. Nd2 Nd5 28. Bg3 Ne3 29. Rg8 Rg7 30. Rxg7+ Bxg7 31. Ne4 b6 32. Bh4 Nd5 33. Bg3 Rf8 34. Rh4 Ne3 35. Bf2 Nf5 36. Rg4 Rf7 37. a4 Bf8 38. Nf6+ Kc6 39. Rg8 Ne7 40. Rg2 Nd5 41. Nxd5 Kxd5 42. Rg4 h5 43. Rh4 Be7 44. Rxh5 Rxf4 45. Be1 c4 46. Rh7 Bc5 47. Kc2 cxd3+ 48. Kxd3 Rf3+ 49. Kc2 a5 50. Rh5 Re3 51. Bd2 Rxe5 52. Rh8 Rf5 53. Rd8+ Ke4 54. Kb3 Kd3 55. Be1 Ke2 56. Bc3 dxc3 57. bxc3 Rf8 58. Rd7 Re8 59. Kc4 e5 60. Rh7 Rd8 61. Rh2+ Bf2 62. Rh5 e4 63. Kb5 Rc8 64. Rh3 Bc5 65. Rh2+ Kd3 66. c4 e3 67. Rh3 Kd2 0-1

[Event "Reykjavik op"]
[Site "Reykjavik"]
[Date "2023.04.02"]
[Round "7"]
[White "Kaergaard, Sissel"]
[Black "Zhou, Lepu Coco"]
[Result "0-1"]
[WhiteElo "1665"]
[BlackElo "2034"]
[PlyCount "78"]
[EventDate "2023.03.29"]
[EventType "swiss"]
[EventRounds "9"]
[EventCountry "ISL"]
[SourceTitle "EXT 2024"]
[Source "ChessBase"]
[SourceDate "2023.10.10"]
[SourceVersion "1"]
[SourceVersionDate "2023.10.10"]
[SourceQuality "1"]

1. d4 d5 2. Bf4 Nf6 3. Nf3 e6 4. e3 Bd6 5. Bg3 0-0 6. Bd3 c5 7. c3 Qc7 8. Nbd2 Nbd7 9. 0-0 b6 10. e4 Bxg3 11. hxg3 dxe4 12. Nxe4 Bb7 13. Qe2 cxd4 14. cxd4 Nxe4 15. Bxe4 Bxe4 16. Qxe4 Nf6 17. Qd3 Rfd8 18. Qb3 Rac8 19. Rfe1 Qc2 20. Qxc2 Rxc2 21. b3 Ng4 22. Rf1 h5 23. a4 f6 24. Rac1 Rdc8 25. Rcd1 Rb2 26. d5 exd5 27. Rxd5 Rcc2 28. Rxh5 Rxf2 29. Rxf2 Nxf2 30. Rh4 Nd3 31. Nd4 Rb1+ 32. Kh2 Nf2 33. g4 Rh1+ 34. Kg3 Ne4+ 35. Kf4 Rxh4 36. Nf3 g5+ 37. Kxe4 Rxg4+ 38. Kf5 Rxg2 39. Nd4 Kf7 0-1

[Event "GER-chT U16 Girls"]
[Site "Neumuenster"]
[Date "2022.12.27"]
[Round "2"]
[White "Reich, Elisabeth"]
[Black "Zhou, Lepu Coco"]
[Result "0-1"]
[WhiteElo "1528"]
[BlackElo "1901"]
[PlyCount "146"]
[EventDate "2022.12.26"]
[EventType "team-swiss"]
[EventRounds "7"]
[EventCountry "GER"]
[SourceTitle "CBM 212 Extra"]
[Source "ChessBase"]
[SourceDate "2023.03.31"]
[SourceVersion "1"]
[SourceVersionDate "2023.03.31"]
[SourceQuality "1"]
[WhiteTeam "Oberkotzau"]
[BlackTeam "Weisse Dame"]
[WhiteTeamCountry "GER"]
[BlackTeamCountry "GER"]

1. e4 e6 2. d3 d5 3. Nd2 c5 4. Ngf3 Nc6 5. g3 Bd6 6. Bg2 Nge7 7. 0-0 0-0 8. Nh4 d4 9. f4 f6 10. f5 Ne5 11. fxe6 Bxe6 12. Nf5 Bc7 13. Nxe7+ Qxe7 14. Nf3 Ng4 15. Qe2 Rad8 16. Nh4 Ne5 17. Bf4 Bg4 18. Nf3 Nxf3+ 19. Bxf3 Bc8 20. Bxc7 Qxc7 21. Rae1 Rde8 22. Bg4 Re5 23. Bxc8 Qxc8 24. Rf4 Qe6 25. b3 b5 26. Qg2 c4 27. Ref1 cxd3 28. cxd3 Rc8 29. Rf5 Rxf5 30. Rxf5 Rc1+ 31. Rf1 Qc6 32. Qb2 Rc3 33. Rd1 Qc5 34. b4 Qh5 35. Rc1 Rxd3 36. a3 Rd1+ 37. Rxd1 Qxd1+ 38. Kg2 g6 39. Qa2+ Kg7 40. Qe6 Qe2+ 41. Kg1 Qd1+ 42. Kg2 Qc2+ 43. Kg1 Qc7 44. Qd5 Qc1+ 45. Kg2 Qd2+ 46. Kg1 Qe3+ 47. Kg2 Kh6 48. Qe6 Qe2+ 49. Kg1 d3 50. Qxf6 Qe1+ 51. Kg2 Qxe4+ 52. Qf3 Qxf3+ 53. Kxf3 Kg5 54. h3 h5 55. Ke3 h4 56. gxh4+ Kxh4 57. Kxd3 Kxh3 58. Kd4 g5 59. Kc5 g4 60. Kxb5 g3 61. Ka6 g2 62. Kxa7 g1Q+ 63. Ka6 Qa1 64. b5 Qxa3+ 65. Kb7 Qe7+ 66. Ka6 Qc7 67. b6 Qb8 68. b7 Kg4 69. Kb6 Kf5 70. Kc6 Ke6 71. Kb6 Kd6 72. Ka6 Kc5 73. Ka5 Qa7# 0-1

[Event "Wch U16 Girls"]
[Site "Mamaia"]
[Date "2022.09.10"]
[Round "5"]
[White "Zhou, Lepu Coco"]
[Black "Lindstad, Livia"]
[Result "1/2-1/2"]
[WhiteElo "1935"]
[BlackElo "1588"]
[PlyCount "131"]
[EventDate "2022.09.06"]
[EventType "swiss"]
[EventRounds "11"]
[EventCountry "ROU"]
[SourceTitle "CBM 210 Extra"]
[Source "ChessBase"]
[SourceDate "2022.11.30"]
[SourceVersion "1"]
[SourceVersionDate "2022.11.30"]
[SourceQuality "1"]

1. e4 c5 2. Nf3 e6 3. b3 Nc6 4. Bb2 Nge7 5. c4 Ng6 6. Nc3 e5 7. Nd5 d6 8. Bd3 b6 9. 0-0 Be7 10. Bc2 0-0 11. Qe2 Be6 12. Rae1 Qc8 13. Qd1 Bd8 14. a3 a5 15. Kh1 Rb8 16. a4 Kh8 17. Ng1 Bg5 18. Ne2 Bxd5 19. exd5 Nce7 20. f4 exf4 21. Ng1 Bh4 22. Re4 Qd8 23. Nh3 Ng8 24. Nxf4 Bf6 25. Nxg6+ fxg6 26. d4 Ne7 27. Ref4 Re8 28. Qf3 Kg8 29. Bc3 cxd4 30. Bxd4 Bxd4 31. Rxd4 Rf8 32. Rf4 Rxf4 33. Qxf4 Qf8 34. Qc1 Qd8 35. Qe3 Qd7 36. Qf4 Nf5 37. Bxf5 Qxf5 38. Qxf5 gxf5 39. Rxf5 Re8 40. h4 Re4 41. h5 Re3 42. Rf3 Rxf3 43. gxf3 Kf7 44. Kg2 Kf6 45. f4 Kf5 46. Kf3 g6 47. hxg6 hxg6 48. Kg3 g5 49. fxg5 Kxg5 50. Kf3 Kf5 51. Ke3 Kf6 52. Kf4 Kg6 53. Ke4 Kf6 54. Kd4 Ke7 55. Kc3 Kd7 56. b4 Kc7 57. Kb3 Kb7 58. b5 Kc7 59. Kc3 Kd7 60. Kd3 Ke7 61. Ke3 Kf7 62. Kf3 Ke7 63. Kg4 Kf6 64. Kf4 Kg6 65. Ke4 Kf6 66. Kf4 1/2-1/2

[Event "GER-ch (Women)"]
[Site "Magdeburg"]
[Date "2022.08.20"]
[Round "9"]
[White "Zhou, Lepu Coco"]
[Black "Bluebaum, Johanna"]
[Result "1-0"]
[WhiteElo "1955"]
[BlackElo "1977"]
[PlyCount "109"]
[EventDate "2022.08.14"]
[EventType "swiss"]
[EventRounds "9"]
[EventCountry "GER"]
[SourceTitle "CBM 209 Extra"]
[Source "ChessBase"]
[SourceDate "2022.09.30"]
[SourceVersion "1"]
[SourceVersionDate "2022.09.30"]
[SourceQuality "1"]

1. e4 e6 2. d4 d5 3. exd5 exd5 4. Bd3 Nf6 5. Nf3 Bg4 6. 0-0 Be7 7. Be3 0-0 8. Nbd2 Nbd7 9. c4 c6 10. c5 a5 11. Qc2 h6 12. h3 Be6 13. Rfc1 Qc7 14. Rab1 Nh5 15. b4 a4 16. b5 Nf4 17. Bf1 g6 18. b6 Qb8 19. Rb4 Bf5 20. Qd1 g5 21. Rxa4 Rxa4 22. Qxa4 Qa8 23. Qb3 Ne6 24. a4 Bf6 25. Qa3 Nb8 26. a5 Na6 27. Bd3 Bxd3 28. Qxd3 Re8 29. Qf5 Qd8 30. h4 Ng7 31. Qh3 Re6 32. hxg5 hxg5 33. Qg4 Qd7 34. Nxg5 Bxg5 35. Qxg5 Rg6 36. Qe5 Qg4 37. Qh2 Nf5 38. f3 Qh4 39. Qxh4 Nxh4 40. g4 Nf5 41. Kf2 Ng7 42. Nf1 Re6 43. Bd2 f5 44. Re1 Kf7 45. Ng3 fxg4 46. fxg4 Rf6+ 47. Kg2 Rg6 48. Kh3 Ne6 49. Nf5 Naxc5 50. dxc5 Nxc5 51. Re7+ Kf6 52. Be1 Rg8 53. Bh4+ Kg6 54. Rc7 Nb3 55. Ne7+ 1-0

[Event "GER-ch blitz (Women)"]
[Site "Magdeburg"]
[Date "2022.08.13"]
[Round "10"]
[White "Daemering, Katrin"]
[Black "Zhou, Lepu Coco"]
[Result "1-0"]
[WhiteElo "2097"]
[BlackElo "1848"]
[PlyCount "53"]
[EventDate "2022.08.13"]
[EventType "tourn (blitz)"]
[EventRounds "23"]
[EventCountry "GER"]
[SourceTitle "CBM 209 Extra"]
[Source "ChessBase"]
[SourceDate "2022.09.30"]
[SourceVersion "1"]
[SourceVersionDate "2022.09.30"]
[SourceQuality "1"]

1. e4 c5 2. Nf3 e6 3. d4 cxd4 4. Nxd4 Nf6 5. Nc3 Nc6 6. Be3 Bb4 7. Bd3 d5 8. exd5 exd5 9. 0-0 0-0 10. Nce2 Be6 11. h3 Rc8 12. Ng3 Bd6 13. c3 Ne5 14. Bc2 Nc4 15. Bc1 Qb6 16. Rb1 Rfe8 17. Qd3 Ne5 18. Qe2 Bd7 19. Be3 Nc4 20. Nh5 Nxh5 21. Qxh5 g6 22. Qxd5 Nxe3 23. fxe3 Be6 24. Nxe6 Rxe6 25. Rf3 Bc5 26. Rbf1 Bxe3+ 27. Kh1 1-0

[Event "GER-ch blitz (Women)"]
[Site "Magdeburg"]
[Date "2022.08.13"]
[Round "12"]
[White "Grabowski, Petra1111"]
[Black "Zhou, Lepu Coco"]
[Result "0-1"]
[WhiteElo "1656"]
[BlackElo "1848"]
[PlyCount "98"]
[EventDate "2022.08.13"]
[EventType "tourn (blitz)"]
[EventRounds "23"]
[EventCountry "GER"]
[SourceTitle "CBM 209 Extra"]
[Source "ChessBase"]
[SourceDate "2022.09.30"]
[SourceVersion "1"]
[SourceVersionDate "2022.09.30"]
[SourceQuality "1"]

1. d4 d5 2. c4 dxc4 3. Nf3 Nf6 4. e3 e6 5. Bxc4 a6 6. 0-0 c5 7. dxc5 Bxc5 8. Qxd8+ Kxd8 9. Ne5 Ke7 10. Nc3 Nbd7 11. Nxd7 Bxd7 12. e4 Bc6 13. Bg5 h6 14. Bxf6+ gxf6 15. Kh1 Rhg8 16. f3 Rad8 17. Rad1 b5 18. Be2 b4 19. Nb1 a5 20. Rxd8 Rxd8 21. Rd1 Rxd1+ 22. Bxd1 a4 23. a3 bxa3 24. Nxa3 Bd4 25. b3 Bc5 26. Nc4 a3 27. Nxa3 Bxa3 28. Kg1 Kd6 29. Kf2 Kc5 30. Ke3 Kb4 31. Kd3 Bb5+ 32. Kd4 Bb2+ 33. Ke3 Kc3 34. g4 Bc1+ 35. Kf2 Kd2 36. f4 Kxd1 37. Kf3 Kc2 38. g5 fxg5 39. fxg5 Bxg5 40. Kg4 Be2+ 41. Kg3 Kxb3 42. h4 Be3 43. e5 Kc4 44. Kg2 Kd4 45. Kg3 Kxe5 46. Kg2 f5 47. Kg3 f4+ 48. Kg2 f3+ 49. Kg3 f2 0-1

[Event "GER-ch blitz (Women)"]
[Site "Magdeburg"]
[Date "2022.08.13"]
[Round "19"]
[White "Zhou, Lepu Coco"]
[Black "Stangl, Anita"]
[Result "1-0"]
[WhiteElo "1848"]
[BlackElo "2033"]
[PlyCount "101"]
[EventDate "2022.08.13"]
[EventType "tourn (blitz)"]
[EventRounds "23"]
[EventCountry "GER"]
[SourceTitle "CBM 209 Extra"]
[Source "ChessBase"]
[SourceDate "2022.09.30"]
[SourceVersion "1"]
[SourceVersionDate "2022.09.30"]
[SourceQuality "1"]

1. e4 e6 2. d4 d5 3. Nc3 Nf6 4. Bg5 Be7 5. e5 Nfd7 6. Bxe7 Qxe7 7. f4 a6 8. Qg4 g6 9. Nf3 c5 10. h4 Nc6 11. 0-0-0 cxd4 12. Nxd4 Nxd4 13. Rxd4 Qc5 14. Qd1 b5 15. g4 Bb7 16. Bg2 Nb6 17. f5 Nc4 18. Re1 Rc8 19. fxe6 fxe6 20. g5 Nxb2 21. Kxb2 Qxc3+ 22. Kb1 Rf8 23. Rd3 Qb4+ 24. Rb3 Qxh4 25. Rh1 Qxg5 26. Bf3 h5 27. Rg1 Qf5 28. Bg2 Qxe5 29. Re1 Qf5 30. Bh3 Qg5 31. Bxe6 Kd8 32. Bxc8 Kxc8 33. Rc3+ Kb8 34. Qe2 Ka8 35. Rc7 Qf4 36. Qe7 Rb8 37. Re6 Qf1+ 38. Kb2 b4 39. Rf6 Qb5 40. Rxg6 a5 41. Qd6 a4 42. Rc5 a3+ 43. Kb3 Qc4+ 44. Rxc4 dxc4+ 45. Kxc4 Rc8+ 46. Kb3 Rc3+ 47. Kxb4 Rxc2 48. Rg8+ Ka7 49. Qd4+ Ka6 50. Rg6+ Bc6 51. Qd3+ 1-0